Opening Day Lineups: Cleveland Guardians - Statistics

General Stats
  • This quiz has been taken 454 times
    2 since last reset
  • The average score is 20 of 81
Answer Stats
# Starts Answer % Correct
2 Bo Naylor
100%
10 Carlos Santana
100%
1 Domingo Santana
100%
4 Francisco Lindor
100%
1 Hanley Ramirez
100%
6 Jason Kipnis
100%
11 José Ramírez
100%
3 Josh Naylor
100%
1 Leonys Martin
100%
4 Shane Bieber
100%
5 Steven Kwan
100%
4 Andrés Giménez
50%
2 Austin Hedges
50%
1 Brad Miller
50%
3 Brayan Rocchio
50%
1 Chase DeLauter
50%
5 Corey Kluber
50%
1 Daniel Schneemann
50%
1 David Fry
50%
3 Franmil Reyes
50%
1 Grady Sizemore
50%
1 Jhonkensy Noel
50%
2 Kyle Manzardo
50%
1 Lane Thomas
50%
2 Myles Straw
50%
1 Rajai Davis
50%
1 Rhys Hoskins
50%
1 Tanner Bibee
50%
5 Yan Gomes
50%
1 Abraham Almonte
0%
2 Amed Rosario
0%
5 Asdrubal Cabrera
0%
1 Austin Kearns
0%
1 Ben Lively
0%
1 Bobby Bradley
0%
1 Bradley Zimmer
0%
1 Brandon Moss
0%
1 Casey Kotchman
0%
2 Cesar Hernandez
0%
1 Colin Cowgill
0%
1 David Murphy
0%
1 Drew Stubbs
0%
1 Eddie Rosario
0%
2 Edwin Encarnacion
0%
1 Eric Stamets
0%
1 Fausto Carmona
0%
2 Gabriel Arias
0%
2 Jack Hannahan
0%
1 Jake Bauers
0%
1 Jake Westbrook
0%
1 Jhonny Peralta
0%
2 Jordan Luplow
0%
1 Josh Bell
0%
1 Juan Uribe
0%
3 Justin Masterson
0%
3 Lonnie Chisenhall
0%
1 Lou Marson
0%
1 Mark Grudzielanek
0%
1 Mark Reynolds
0%
1 Marlon Byrd
0%
2 Matt LaPorta
0%
2 Michael Bourn
0%
7 Michael Brantley
0%
1 Mike Napoli
0%
1 Mike Zunino
0%
2 Nick Swisher
0%
1 Nyjer Morgan
0%
1 Orlando Cabrera
0%
1 Oscar Mercado
0%
1 Ramón Laureano
0%
3 Roberto Perez
0%
2 Ryan Raburn
0%
1 Shelley Duncan
0%
3 Shin-Soo Choo
0%
3 Travis Hafner
0%
1 Tyler Freeman
0%
3 Tyler Naquin
0%
1 Will Brennan
0%
1 Yandy Diaz
0%
1 Yonder Alonso
0%
2 Yu Chang
0%
No matching quizzes found
Score Distribution
Percent of People with Each Score
Percentile by Number Answered
Your Score History
You have not taken this quiz since the last reset